000 00613aam a22002411a 4500
999 _c25592
_d25592
001 YPZ95758
003 YPZ
005 20210204100731.0
008 120813|###########||||||b||||||||||spa|d
040 _cSIUNPA
041 _aspa
044 _aag
080 _a616-053.2 B856p2
100 _aBrigley, Catherine M..
245 _aPediatría para la enfermería
_c / Ramírez de Burejson, Aurelia, tr.
250 _a2a ed.
260 _aBuenos Aires
_b : Troquel
_c , 1976
300 _a188 p.
_b: il.
650 _a PEDIATRIA
650 _a SERVICIOS DE ENFERMERIA
650 _a NIÑOS
942 _cBK
_2udc